000
00206nam a2200085 4500
001
1258894
005
20260402100337.0
245
_a
AİLEDE AHLAK EĞİTİM
_c
PROF.DR. MEHMET AYDIN
260
_b
TİMAŞ YAYINLARI
999
_c
1258894
_d
1258894